[Event "C.to Provinciale FM"]
[Site "Porto Sant'Elpidio ITA"]
[Date "2011.01.30"]
[Round "5"]
[White "Allegranti, Luca"]
[Black "Rinaudo, Sergio"]
[Result "0-1"]
[WhiteElo "2033"]
[BlackElo "2142"]
[PlyCount "38"]
[EventDate "2011.01.22"]

1. d4 d5 2. Nf3 Nf6 3. e3 g6 4. Bd3 Bg7 5. O-O O-O 6. b3 c5 7. Bb2 Nc6 8. Nbd2
b6 9. Ne5 Nxe5 10. dxe5 Ng4 11. Nf3 Qc7 12. c4 dxc4 13. Bxc4 Rd8 14. Qe2 e6 15.
Rad1 Bb7 16. Rxd8+ Rxd8 17. Ng5 Nxe5 18. Bxe6 fxe6 19. Nxe6 Qc6 0-1

[Event "C.to Provinciale FM"]
[Site "Porto Sant'Elpidio ITA"]
[Date "2011.01.30"]
[Round "5"]
[White "Giobbi, Costantino"]
[Black "Miandro, Steven"]
[Result "1/2-1/2"]
[WhiteElo "1894"]
[BlackElo "1827"]
[PlyCount "77"]
[EventDate "2011.01.22"]

1. e4 c5 2. Nf3 d6 3. d4 cxd4 4. Nxd4 Nf6 5. Nc3 a6 6. f4 e5 7. Nf3 Nbd7 8. a4
Be7 9. Bd3 O-O 10. O-O Nc5 11. Kh1 exf4 12. Bxf4 Bg4 13. Qe1 Bh5 14. Nh4 Bg6
15. Nxg6 hxg6 16. Bc4 Rc8 17. b3 Nh5 18. Be3 Bf6 19. Rd1 Bxc3 20. Qxc3 Nxe4 21.
Qd3 Nhf6 22. Bd4 d5 23. Bxf6 Nxf6 24. Qf3 Qb6 25. Bd3 Rfe8 26. Qf4 Qc7 27. h3
Qxf4 28. Rxf4 Re7 29. Rd4 Rce8 30. Kg1 Re1+ 31. Rxe1 Rxe1+ 32. Kf2 Re7 33. Rb4
Kf8 34. Be2 Ne4+ 35. Kf3 Nd2+ 36. Kf2 Ne4+ 37. Kf3 Nd2+ 38. Kf2 Ne4+ 39. Kf3
1/2-1/2

[Event "C.to Provinciale FM"]
[Site "Porto Sant'Elpidio ITA"]
[Date "2011.01.30"]
[Round "5"]
[White "Silvestri, Giorgio"]
[Black "Guglielmi, Dante"]
[Result "0-1"]
[WhiteElo "1749"]
[BlackElo "1911"]
[PlyCount "168"]
[EventDate "2011.01.22"]

1. d4 d5 2. c4 e6 3. Nf3 Nf6 4. g3 Be7 5. Bg2 O-O 6. O-O Nbd7 7. b3 Ne4 8. Bb2
Ndf6 9. Nbd2 c6 10. Qc2 Bd7 11. Nxe4 Nxe4 12. Ne5 Nf6 13. Rac1 Rc8 14. c5 Be8
15. b4 Nd7 16. Nxd7 Bxd7 17. e4 b6 18. Rfe1 f5 19. exf5 exf5 20. Re2 f4 21. f3
Bg5 22. Rce1 Bf5 23. Qb3 Qc7 24. g4 Bg6 25. Rd2 Rfe8 26. Re5 Bf6 27. Rxe8+ Rxe8
28. Qd1 Re3 29. Re2 Qe7 30. Kf1 Bh4 31. Bc1 Rxe2 32. Qxe2 Qxe2+ 33. Kxe2 Bf6
34. Bxf4 Bxd4 35. cxb6 axb6 36. Be3 Bc3 37. Bd2 Bb2 38. a4 Bc2 39. a5 bxa5 40.
bxa5 Ba4 41. f4 d4 42. h4 c5 43. Bd5+ Kf8 44. Kd3 Bd7 45. f5 Bb5+ 46. Bc4 Bc6
47. a6 Ke7 48. g5 Bf3 49. a7 Ba3 50. Bf4 Bb4 51. Be5 Kf8 52. Bd6+ Ke8 53. Bg8
c4+ 54. Bxc4 Bxd6 55. Kxd4 Bg3 56. Ke3 Bc6 57. h5 Kd8 58. f6 gxf6 59. gxf6 Bc7
60. Kd4 Bb6+ 61. Ke5 Bxa7 62. Bd3 h6 63. Kf5 Be8 64. Be2 Bf7 65. Bf3 Ke8 66.
Bc6+ Kd8 67. Bf3 Kd7 68. Be2 Kd6 69. Bf3 Kc5 70. Bg4 Kd4 71. Bd1 Bb8 72. Kg4
Ke5 73. Kh3 Kxf6 74. Kg2 Kg5 75. Bf3 Kf4 76. Ba8 Bxh5 77. Kh1 Kg3 78. Bb7 Bg4
79. Ba8 h5 80. Bb7 h4 81. Ba8 h3 82. Bb7 Be2 83. Kg1 Ba7+ 84. Kh1 Bf1 0-1

[Event "C.to Provinciale FM"]
[Site "Porto Sant'Elpidio ITA"]
[Date "2011.01.30"]
[Round "5"]
[White "Piergentili, Roberto"]
[Black "Santinelli, Michele"]
[Result "0-1"]
[WhiteElo "1776"]
[BlackElo "1781"]
[PlyCount "86"]
[EventDate "2011.01.22"]

1. d4 d5 2. c4 c6 3. Nc3 Nf6 4. Nf3 Bf5 5. cxd5 Nxd5 6. Qb3 Qb6 7. Qxb6 Nxb6 8.
e4 Bg4 9. Be2 N8d7 10. O-O h6 11. a4 e6 12. a5 Nc8 13. Re1 Bb4 14. Ra4 c5 15.
dxc5 Bxc5 16. b4 Be7 17. Rd1 a6 18. b5 Bf6 19. e5 Nxe5 20. Ne4 Be7 21. Nxe5
Bxe2 22. Rd2 Bxb5 23. Rad4 O-O 24. Bb2 Na7 25. Nd6 Bf6 26. Rg4 Rad8 27. Ne4
Rxd2 28. Nxd2 Rd8 29. Rd4 Rc8 30. Ndf3 Rc2 31. Rd2 Rxd2 32. Nxd2 Nc6 33. f4
Nxa5 34. Ne4 Be7 35. Bc3 Nc4 36. Nf3 Bc6 37. Ned2 Nxd2 38. Nxd2 b5 39. Nb3 Bd5
40. Nd4 b4 41. Bb2 a5 42. f5 a4 43. fxe6 fxe6 0-1

[Event "C.to Provinciale FM"]
[Site "Porto Sant'Elpidio ITA"]
[Date "2011.01.30"]
[Round "5"]
[White "Morelli, Basilio"]
[Black "Fornelli, Marco"]
[Result "1/2-1/2"]
[WhiteElo "1498"]
[BlackElo "1609"]
[PlyCount "45"]
[EventDate "2011.01.22"]

1. d4 d5 2. c4 c6 3. cxd5 cxd5 4. Nc3 Nf6 5. Bf4 e6 6. e3 Nh5 7. Qxh5 Be7 8.
Qd1 O-O 9. Bd3 Nd7 10. Nge2 Nf6 11. O-O a6 12. Bg5 b5 13. a3 Bd7 14. f3 Bc6 15.
b4 Nd7 16. Bxe7 Qxe7 17. Rc1 Nb6 18. e4 Nc4 19. Bxc4 dxc4 20. Qd2 Rfd8 21. Qf4
a5 22. d5 axb4 23. axb4 1/2-1/2

[Event "C.to Provinciale FM"]
[Site "Porto Sant'Elpidio ITA"]
[Date "2011.01.30"]
[Round "5"]
[White "Copponi, Alice"]
[Black "Cavalieri, Simone"]
[Result "1/2-1/2"]
[WhiteElo "1341"]
[BlackElo "1386"]
[PlyCount "51"]
[EventDate "2011.01.22"]

1. d4 d5 2. Nc3 Nf6 3. Bg5 Nbd7 4. Nf3 e6 5. e3 h6 6. Bf4 c6 7. Be5 Nxe5 8.
Nxe5 Be7 9. Be2 Nd7 10. Nxd7 Bxd7 11. Bh5 O-O 12. Nb1 Qb6 13. b3 c5 14. c3 cxd4
15. cxd4 Bb4+ 16. Nd2 Qa5 17. Qe2 Bb5 18. Qd1 Rac8 19. Be2 Bxe2 20. Qxe2 Bc3
21. Rd1 Qxa2 22. O-O Qa5 23. Nf3 Qb6 24. Qa2 a6 25. Ne5 Qd8 26. Rc1 1/2-1/2

[Event "C.to Provinciale FM"]
[Site "Porto Sant'Elpidio ITA"]
[Date "2011.01.30"]
[Round "6"]
[White "Rinaudo, Andrea"]
[Black "Miandro, Roberto"]
[Result "1/2-1/2"]
[WhiteElo "2090"]
[BlackElo "2070"]
[PlyCount "67"]
[EventDate "2011.01.22"]

1. e4 c5 2. Nf3 d6 3. Bb5+ Bd7 4. Bxd7+ Nxd7 5. c4 g6 6. O-O Bg7 7. Nc3 Ngf6 8.
d4 cxd4 9. Nxd4 O-O 10. b3 a6 11. Be3 Ne5 12. f3 Rc8 13. Qd2 Qc7 14. Rac1 Qb8
15. Rfd1 Rfd8 16. Kh1 Nc6 17. Kg1 Re8 18. Kh1 Red8 19. Bg5 Re8 20. Nde2 Ne5 21.
Be3 Ned7 22. Nd5 Nxd5 23. Qxd5 Red8 24. Nc3 Ne5 25. Qd2 Nc6 26. Nd5 Re8 27. Bb6
Ne5 28. Qe3 Nd7 29. Ba7 Qa8 30. Bd4 Qb8 31. Bxg7 Kxg7 32. Qd4+ Kg8 33. Kg1 Rcd8
34. Kh1 1/2-1/2

[Event "C.to Provinciale FM"]
[Site "Porto Sant'Elpidio ITA"]
[Date "2011.01.30"]
[Round "6"]
[White "Rinaudo, Sergio"]
[Black "Medorini, Massimiliano"]
[Result "1-0"]
[WhiteElo "2142"]
[BlackElo "1819"]
[PlyCount "33"]
[EventDate "2011.01.22"]

1. d4 d5 2. Nf3 Nf6 3. c4 c6 4. Nc3 e6 5. e3 Nbd7 6. Bd3 dxc4 7. Bxc4 b5 8. Bd3
Bb7 9. O-O a6 10. e4 c5 11. d5 b4 12. dxe6 fxe6 13. Na4 Nxe4 14. Bxe4 Bxe4 15.
Ng5 Bd5 16. Re1 Qf6 17. Qxd5 1-0

[Event "C.to Provinciale FM"]
[Site "Porto Sant'Elpidio ITA"]
[Date "2011.01.30"]
[Round "6"]
[White "Ripa', Daniele"]
[Black "Miandro, Steven"]
[Result "1/2-1/2"]
[WhiteElo "1921"]
[BlackElo "1827"]
[PlyCount "42"]
[EventDate "2011.01.22"]

1. e4 c5 2. d4 cxd4 3. c3 Nf6 4. e5 Nd5 5. cxd4 e6 6. Nf3 b6 7. Nc3 Nxc3 8.
bxc3 Qc7 9. Bd2 Bb7 10. Bd3 Be7 11. Qe2 O-O 12. O-O f5 13. exf6 Bxf6 14. Rac1
Nc6 15. Qe4 g6 16. Qg4 Ne7 17. Bf4 Qd8 18. Ne5 Nf5 19. Rfe1 Rc8 20. Bb5 Bxe5
21. Bxe5 Bc6 1/2-1/2

[Event "C.to Provinciale FM"]
[Site "Porto Sant'Elpidio ITA"]
[Date "2011.01.30"]
[Round "6"]
[White "Guglielmi, Dante"]
[Black "Giobbi, Costantino"]
[Result "1/2-1/2"]
[WhiteElo "1911"]
[BlackElo "1894"]
[PlyCount "138"]
[EventDate "2011.01.22"]

1. c4 e5 2. Nc3 Nf6 3. g3 Nc6 4. Bg2 Bc5 5. e3 d6 6. Nge2 O-O 7. O-O a5 8. d4
Bb6 9. b3 Re8 10. d5 Nb4 11. a3 Na6 12. Bb2 Ng4 13. h3 Nh6 14. Na4 Ba7 15. Bc3
Bd7 16. Bxa5 Bxa4 17. bxa4 Nc5 18. Nc3 Qd7 19. Bb4 f5 20. a5 Nf7 21. Nb5 Bb8
22. f4 g6 23. Re1 Qe7 24. Qc2 Rc8 25. e4 Nxe4 26. Bxe4 fxe4 27. Qxe4 c6 28.
dxc6 bxc6 29. Nc3 Qa7+ 30. Kg2 d5 31. cxd5 c5 32. Na4 cxb4 33. Nb6 Bd6 34. axb4
Rcb8 35. Rec1 Qa6 36. Nxa8 Rxb4 37. Nc7 Qa7 38. Qe1 Rb2+ 39. Kh1 Bxc7 40. Qg1
Qb7 41. Qc5 exf4 42. gxf4 Nd6 43. a6 Qc8 44. Ra3 Qe8 45. Re3 Qf7 46. Qd4 Bb6
47. Qxb2 Bxe3 48. Rf1 Qxd5+ 49. Kh2 Qe4 50. Qe5 Qc2+ 51. Kh1 Qc6+ 52. Kh2 Nf5
53. Qb8+ Kg7 54. Qb7+ Qxb7 55. axb7 Ba7 56. Ra1 Bb8 57. Ra8 Bxf4+ 58. Kg2 h5
59. b8=Q Bxb8 60. Rxb8 Kf6 61. Rb6+ Kg5 62. Kf3 Nh4+ 63. Kf2 Nf5 64. Rb4 Nh4
65. Rb5+ Nf5 66. Kg2 Kf4 67. Kh2 Kg5 68. Rb4 Nh4 69. Kg3 Nf5+ 1/2-1/2

[Event "C.to Provinciale FM"]
[Site "Porto Sant'Elpidio ITA"]
[Date "2011.01.30"]
[Round "6"]
[White "Santinelli, Michele"]
[Black "Morelli, Basilio"]
[Result "1-0"]
[WhiteElo "1781"]
[BlackElo "1498"]
[PlyCount "59"]
[EventDate "2011.01.22"]

1. d4 d5 2. Nf3 Nf6 3. e3 e6 4. Bd3 c5 5. c3 Be7 6. Nbd2 Nbd7 7. O-O O-O 8. Re1
Re8 9. e4 dxe4 10. Nxe4 Nxe4 11. Bxe4 f5 12. Bd3 Nf6 13. Ng5 Qb6 14. Bc4 Bd8
15. Qb3 Qxb3 16. Bxb3 Bc7 17. Nxe6 Kh8 18. Bd2 Ne4 19. Nxc7 Bd7 20. Bf4 Rac8
21. Nxe8 Rxe8 22. f3 Nf6 23. Rxe8+ Bxe8 24. dxc5 h6 25. Re1 Bc6 26. Re7 Nd7 27.
Be5 Nxe5 28. Rxe5 g6 29. Re6 Kg7 30. Rxc6 1-0

[Event "C.to Provinciale FM"]
[Site "Porto Sant'Elpidio ITA"]
[Date "2011.01.30"]
[Round "6"]
[White "Cavalieri, Simone"]
[Black "Silvestri, Giorgio"]
[Result "0-1"]
[WhiteElo "1386"]
[BlackElo "1749"]
[PlyCount "50"]
[EventDate "2011.01.22"]

1. d4 Nf6 2. Bf4 d6 3. Nf3 g6 4. Nbd2 Bg7 5. e3 O-O 6. Bd3 c6 7. h3 Qc7 8. c3
b5 9. O-O Bb7 10. Qe1 Na6 11. b4 Qd7 12. Qd1 Nd5 13. Qc1 Nxf4 14. exf4 Bh6 15.
Nb3 c5 16. bxc5 Bxf3 17. gxf3 Qxh3 18. Re1 Qh4 19. Bxb5 Bxf4 20. Qc2 Nc7 21.
Bc6 Rad8 22. Qe4 e6 23. cxd6 Rxd6 24. Nc5 f5 25. Qe2 Qh2+ 0-1

[Event "C.to Provinciale FM"]
[Site "Porto Sant'Elpidio ITA"]
[Date "2011.01.30"]
[Round "6"]
[White "Fornelli, Marco"]
[Black "Copponi, Alice"]
[Result "1/2-1/2"]
[WhiteElo "1609"]
[BlackElo "1341"]
[PlyCount "80"]
[EventDate "2011.01.22"]

1. d4 Nf6 2. Nf3 g6 3. Nbd2 d5 4. e3 Bg4 5. c4 c6 6. b3 Ne4 7. h3 Bxf3 8. Nxf3
e6 9. a3 Nd7 10. Bd3 Ndf6 11. Ne5 Bd6 12. O-O Qc7 13. Bb2 Qa5 14. cxd5 cxd5 15.
b4 Qc7 16. Rc1 Qe7 17. Bb5+ Kf8 18. Nd3 Kg7 19. Qe2 Rac8 20. Rc2 Rc7 21. Rxc7
Qxc7 22. Rc1 Qb8 23. Nc5 a6 24. Bd3 Rc8 25. Rc2 h5 26. Qf3 Nxc5 27. dxc5 Be5
28. Bd4 Rd8 29. c6 bxc6 30. Rxc6 Rd7 31. Rxa6 Qc7 32. Bc5 Ne4 33. Bb5 Nxc5 34.
Rc6 Qa7 35. Rxc5 Qxa3 36. Qd1 Qxb4 37. Bxd7 Qxc5 38. g3 Qd6 39. Ba4 g5 40. Qxh5
Bf6 1/2-1/2